[Event "Canadian op"]
[Site "Edmonton"]
[Date "2009.07.18"]
[Round "8"]
[White "Neumann, Ralph"]
[Black "Wu, Allan"]
[Result "0-1"]
[WhiteElo "1654"]
[BlackElo "1867"]
[PlyCount "108"]
[EventDate "2009.07.11"]
[EventType "swiss"]
[EventRounds "9"]
[EventCountry "CAN"]
[SourceTitle "CBM 132 Extra"]
[Source "ChessBase"]
[SourceDate "2009.11.03"]
[SourceVersion "1"]
[SourceVersionDate "2009.11.03"]
[SourceQuality "1"]

1. d4 Nf6 2. c4 g6 3. Nc3 Bg7 4. e4 d6 5. h3 0-0 6. Be3 e5 7. d5 a5 8. a4 Na6 9. Bd3 Bd7 10. g4 Ne8 11. b3 f5 12. gxf5 gxf5 13. f3 fxe4 14. Bxe4 Bf5 15. Qe2 Qh4+ 16. Qf2 Qxf2+ 17. Bxf2 Bxe4 18. fxe4 Bh6 19. Ke2 Nf6 20. Be3 Bxe3 21. Kxe3 Nc5 22. Rb1 Nh5 23. Nge2 h6 24. Rhg1+ Kh7 25. Ng3 Nxg3 26. Rxg3 Rg8 27. Rbg1 Rxg3+ 28. Rxg3 Rf8 29. Rg1 Nxb3 30. Rb1 Nc5 31. Rb5 b6 32. Rb1 Rg8 33. Kf3 Rg7 34. h4 h5 35. Rh1 Rg4 36. Rh2 Rf4+ 37. Ke3 Rg4 38. Kf3 Rf4+ 39. Ke3 Rg4 40. Kf3 Rg1 41. Rc2 Rh1 42. Kg3 Ra1 43. Nb5 Na6 44. Nc3 Ra3 45. Kg2 Nb4 46. Rc1 Nd3 47. Rf1 Rxc3 48. Rf7+ Kg6 49. Rxc7 Nb2 50. Rc6 Nxc4 51. Kf2 Kf6 52. Rc7 Rc2+ 53. Ke1 Rc3 54. Kf2 Nd2 0-1

[Event "Canadian op"]
[Site "Edmonton"]
[Date "2009.07.15"]
[Round "5"]
[White "Wu, Allan"]
[Black "Vanheirzeele, Daniel"]
[Result "1/2-1/2"]
[WhiteElo "1867"]
[BlackElo "2137"]
[PlyCount "57"]
[EventDate "2009.07.11"]
[EventType "swiss"]
[EventRounds "9"]
[EventCountry "CAN"]
[SourceTitle "CBM 132 Extra"]
[Source "ChessBase"]
[SourceDate "2009.11.03"]
[SourceVersion "1"]
[SourceVersionDate "2009.11.03"]
[SourceQuality "1"]

1. c4 Nf6 2. Nc3 c5 3. Nf3 e6 4. d4 cxd4 5. Nxd4 Bb4 6. Qc2 Nc6 7. Nxc6 bxc6 8. a3 Be7 9. e4 e5 10. Be2 0-0 11. 0-0 a5 12. Be3 d6 13. f3 Be6 14. b4 Qc7 15. Rfc1 Rfc8 16. Na4 Rab8 17. Qb2 axb4 18. axb4 Qd8 19. Nc3 Rb7 20. Ra6 Rcb8 21. b5 Bd7 22. Rca1 Ne8 23. Ba7 Nc7 24. R6a5 Ra8 25. b6 Ne6 26. Na4 Bc8 27. c5 dxc5 28. Ba6 Rbxa7 29. bxa7 1/2-1/2

[Event "Edmonton op"]
[Site "Edmonton"]
[Date "2008.07.17"]
[Round "3"]
[White "Nolan, Pat"]
[Black "Wu, Allan"]
[Result "0-1"]
[WhiteElo "1530"]
[BlackElo "1844"]
[PlyCount "74"]
[EventDate "2008.07.03"]
[EventType "swiss"]
[EventRounds "5"]
[EventCountry "CAN"]
[SourceTitle "EXT 2011"]
[Source "ChessBase"]
[SourceDate "2010.11.26"]
[SourceVersion "1"]
[SourceVersionDate "2010.11.26"]
[SourceQuality "1"]

1. d4 Nf6 2. c4 e6 3. Bg5 Be7 4. Nc3 0-0 5. Nf3 c5 6. e3 Nc6 7. a3 Qa5 8. Be2 Ne4 9. Bxe7 Nxc3 10. Qd2 Nxe7 11. bxc3 Qc7 12. e4 d5 13. e5 cxd4 14. cxd4 dxc4 15. Qb4 c3 16. Rc1 Nd5 17. Qb3 Bd7 18. Bc4 Nb6 19. Rxc3 Rfc8 20. Nd2 Ba4 21. Qa2 Bb5 22. Bxb5 Qxc3 23. 0-0 Qxd4 24. Nf3 Qc5 25. a4 Nd5 26. h3 Nc3 27. Qd2 Nxb5 28. axb5 Qxb5 29. Rc1 a5 30. Ng5 Rxc1+ 31. Qxc1 Qxe5 32. Nf3 Qd5 33. Qc7 f6 34. Qb6 a4 35. Nd4 Ra6 36. Qb4 Kf7 37. Nb5 Rb6 0-1

[Event "Edmonton op"]
[Site "Edmonton"]
[Date "2008.07.03"]
[Round "1"]
[White "Wu, Allan"]
[Black "Stark, Mark"]
[Result "1/2-1/2"]
[WhiteElo "1879"]
[BlackElo "1955"]
[PlyCount "109"]
[EventDate "2008.07.03"]
[EventType "swiss"]
[EventRounds "5"]
[EventCountry "CAN"]
[SourceTitle "EXT 2011"]
[Source "ChessBase"]
[SourceDate "2010.11.26"]
[SourceVersion "1"]
[SourceVersionDate "2010.11.26"]
[SourceQuality "1"]

1. c4 Nf6 2. Nf3 c5 3. Nc3 g6 4. g3 b6 5. Bg2 Bb7 6. 0-0 Bg7 7. b3 0-0 8. Bb2 d6 9. e3 e5 10. Ne2 Nh5 11. d4 e4 12. Nd2 f5 13. Qc2 Nc6 14. a3 Qe7 15. d5 Ne5 16. Nf4 Nxf4 17. exf4 Ng4 18. Bxg7 Qxg7 19. h3 Nxf2 20. Kxf2 e3+ 21. Kg1 exd2 22. Qxd2 Rfe8 23. Rfe1 Rad8 24. Rxe8+ Rxe8 25. Re1 Qf8 26. Re3 Bc8 27. Rxe8 Qxe8 28. Kf2 Bd7 29. Qc3 b5 30. Bf1 bxc4 31. Bxc4 Qb8 32. Ke3 Be8 33. Qf6 Bf7 34. Qe7 Kg7 35. Qd7 Kf6 36. Kf2 Qb6 37. Ke3 h6 38. h4 Qb8 39. Kf2 a5 40. Kf3 Kg7 41. Kf2 Kf8 42. Kf3 h5 43. Kf2 Qb6 44. Ke2 Be8 45. Qe6 a4 46. Qf6+ Bf7 47. bxa4 Qb1 48. Qxd6+ Kg7 49. Qe5+ Kg8 50. Kd2 Qg1 51. Be2 Qxg3 52. Qb8+ Kg7 53. Qe5+ Kg8 54. Qb8+ Kg7 55. Qe5+ 1/2-1/2